[Event "Landsturneringen 2017"]
[Site "Clarion Energy Hotel, Stavanger"]
[Date "2017.07.07"]
[Round "8"]
[White "Hammer, Jon Ludvig"]
[Black "Elsness, Frode"]
[Result "1/2-1/2"]
[WhiteElo "2628"]
[BlackElo "2466"]
[PlyCount "97"]
[%clk 1:27:53] } 5... O-O { [%clk 1:32:14] } 6. O-O { [%clk 1:28:14] } 6...

1. d4 { [%clk 1:26:18] } 1... Nf6 { [%clk 1:30:56] } 2. c4 { [%clk 1:26:42]
} 2... e6 { [%clk 1:31:22] } 3. Nf3 { [%clk 1:27:05] } 3... d5 { [%clk
1:31:45] } 4. g3 { [%clk 1:27:30] } 4... Be7 { [%clk 1:31:48] } 5. Bg2 {
dxc4 { [%clk 1:32:42] } 7. Ne5 { [%clk 1:28:02] } 7... Nc6 { [%clk 1:33:06]
} 8. Nxc6 { [%clk 1:28:21] } 8... bxc6 { [%clk 1:33:32] } 9. Na3 { [%clk
1:28:39] } 9... Bxa3 { [%clk 1:32:29] } 10. bxa3 { [%clk 1:28:42] } 10...
Ba6 { [%clk 1:31:09] } 11. a4 { [%clk 1:29:04] } 11... Qd6 { [%clk 1:15:51]
} 12. Qd2 { [%clk 1:29:15] } 12... Rab8 { [%clk 1:05:59] } 13. Qa5 { [%clk
1:26:51] } 13... Rb6 { [%clk 1:06:23] } 14. Qc3 { [%clk 1:27:16] } 14...
Nd5 { [%clk 0:54:10] } 15. Bxd5 { [%clk 1:27:39] } 15... Qxd5 { [%clk
0:54:34] } 16. Ba3 { [%clk 1:25:08] } 16... Rfb8 { [%clk 0:42:19] } 17.
Rfe1 { [%clk 1:20:57] } 17... Bc8 { [%clk 0:35:15] } 18. Bc5 { [%clk
0:52:06] } 18... R6b7 { [%clk 0:33:59] } 19. Ba3 { [%clk 0:38:57] } 19...
h6 { [%clk 0:33:06] } 20. Rac1 { [%clk 0:35:44] } 20... Bd7 { [%clk
0:31:52] } 21. Qxc4 { [%clk 0:27:33] } 21... Qxc4 { [%clk 0:27:00] } 22.
Rxc4 { [%clk 0:27:56] } 22... Rb1 { [%clk 0:26:03] } 23. Rcc1 { [%clk
0:26:24] } 23... Rxc1 { [%clk 0:26:09] } 24. Rxc1 { [%clk 0:25:32] } 24...
f6 { [%clk 0:26:34] } 25. f3 { [%clk 0:25:42] } 25... Kf7 { [%clk 0:24:33]
} 26. Kf2 { [%clk 0:26:07] } 26... a6 { [%clk 0:16:03] } 27. g4 { [%clk
0:25:40] } 27... Rb7 { [%clk 0:14:13] } 28. h4 { [%clk 0:24:19] } 28... c5
{ [%clk 0:13:36] } 29. Rxc5 { [%clk 0:24:05] } 29... Bxa4 { [%clk 0:13:55]
} 30. h5 { [%clk 0:11:38] } 30... Bb5 { [%clk 0:12:12] } 31. Rc3 { [%clk
0:09:51] } 31... a5 { [%clk 0:11:28] } 32. Rc5 { [%clk 0:07:17] } 32... c6
{ [%clk 0:11:43] } 33. e4 { [%clk 0:07:04] } 33... Rd7 { [%clk 0:10:59] }
34. Ke3 { [%clk 0:07:29] } 34... Rb7 { [%clk 0:06:30] } 35. f4 { [%clk
0:07:02] } 35... a4 { [%clk 0:06:01] } 36. f5 { [%clk 0:06:44] } 36... Rb8
{ [%clk 0:05:41] } 37. fxe6+ { [%clk 0:02:41] } 37... Kxe6 { [%clk 0:06:09]
} 38. Kf4 { [%clk 0:01:35] } 38... Rb7 { [%clk 0:06:02] } 39. Bb4 { [%clk
0:01:30] } 39... Kf7 { [%clk 0:03:26] } 40. Kf5 { [%clk 0:00:36] } 40...
Be2 { [%clk 0:01:06] } 41. a3 { [%clk 0:27:20] } 41... Rb5 { [%clk 0:28:03]
} 42. Kf4 { [%clk 0:24:07] } 42... Rxc5 { [%clk 0:27:37] } 43. Bxc5 { [%clk
0:24:28] } 43... Bc4 { [%clk 0:27:49] } 44. Bb4 { [%clk 0:24:53] } 44...
Be6 { [%clk 0:27:26] } 45. Bc5 { [%clk 0:25:21] } 45... Bb3 { [%clk
0:27:20] } 46. Bb4 { [%clk 0:25:48] } 46... Be6 { [%clk 0:27:17] } 47. Ba5
{ [%clk 0:26:11] } 47... Bb3 { [%clk 0:27:14] } 48. Bc7 { [%clk 0:26:38] }
48... Bc4 { [%clk 0:26:55] } 49. Bd6 { [%clk 0:27:05] }
1/2-1/2

[Event "Landsturneringen 2017"]
[Site "Clarion Energy Hotel, Stavanger"]
[Date "2017.07.07"]
[Round "8"]
[White "Urkedal, Frode Olav Olsen"]
[Black "Agdestein, Simen"]
[Result "1/2-1/2"]
[WhiteElo "2541"]
[BlackElo "2604"]
[PlyCount "141"]
[%clk 1:31:17] } 5... Be7 { [%clk 1:29:14] } 6. Bg2 { [%clk 1:30:32] } 6...
[%clk 1:03:05] } 16. b3 { [%clk 0:56:29] } 16... Rfc8 { [%clk 0:53:40] }
[%clk 0:01:29] } 41. Re2 { [%clk 0:28:12] } 41... Qa1+ { [%clk 0:23:39] }
[%clk 0:05:33] } 55. h4 { [%clk 0:04:32] } 55... gxh4+ { [%clk 0:02:19] }

1. d4 { [%clk 1:30:58] } 1... Nf6 { [%clk 1:30:23] } 2. c4 { [%clk 1:31:19]
} 2... e6 { [%clk 1:30:44] } 3. Nf3 { [%clk 1:30:39] } 3... b6 { [%clk
1:30:40] } 4. g3 { [%clk 1:30:57] } 4... Bb4+ { [%clk 1:28:54] } 5. Bd2 {
c6 { [%clk 1:29:09] } 7. O-O { [%clk 1:25:48] } 7... O-O { [%clk 1:29:07] }
8. Qc2 { [%clk 1:20:12] } 8... d5 { [%clk 1:28:41] } 9. Rd1 { [%clk
1:16:29] } 9... Nbd7 { [%clk 1:27:51] } 10. Bf4 { [%clk 1:15:44] } 10...
Bb7 { [%clk 1:23:26] } 11. Ne5 { [%clk 1:14:59] } 11... Nh5 { [%clk
1:13:02] } 12. Bc1 { [%clk 1:14:41] } 12... f5 { [%clk 1:04:34] } 13. cxd5
{ [%clk 1:08:27] } 13... cxd5 { [%clk 1:03:53] } 14. Nc6 { [%clk 1:07:35] }
14... Qe8 { [%clk 1:02:38] } 15. Nxe7+ { [%clk 1:07:37] } 15... Qxe7 {
17. Qd2 { [%clk 0:56:22] } 17... Nhf6 { [%clk 0:45:45] } 18. a4 { [%clk
0:45:53] } 18... Nb8 { [%clk 0:42:04] } 19. Ba3 { [%clk 0:40:37] } 19...
Qd7 { [%clk 0:41:49] } 20. Nc3 { [%clk 0:38:55] } 20... Ne4 { [%clk
0:31:43] } 21. Bxe4 { [%clk 0:39:16] } 21... dxe4 { [%clk 0:30:42] } 22. d5
{ [%clk 0:38:51] } 22... Rd8 { [%clk 0:30:09] } 23. d6 { [%clk 0:36:36] }
23... Qf7 { [%clk 0:24:46] } 24. Nb5 { [%clk 0:34:10] } 24... Nd7 { [%clk
0:21:53] } 25. Rac1 { [%clk 0:33:32] } 25... a6 { [%clk 0:17:25] } 26. Nc7
{ [%clk 0:30:16] } 26... Rac8 { [%clk 0:12:52] } 27. Rc3 { [%clk 0:26:22] }
27... h6 { [%clk 0:10:59] } 28. b4 { [%clk 0:24:01] } 28... e5 { [%clk
0:07:08] } 29. f4 { [%clk 0:19:12] } 29... exf3 { [%clk 0:06:57] } 30. exf3
{ [%clk 0:19:36] } 30... e4 { [%clk 0:03:54] } 31. fxe4 { [%clk 0:17:26] }
31... Bxe4 { [%clk 0:03:12] } 32. Qd4 { [%clk 0:08:18] } 32... Kh7 { [%clk
0:02:30] } 33. Bb2 { [%clk 0:08:17] } 33... a5 { [%clk 0:01:26] } 34. bxa5
{ [%clk 0:08:20] } 34... bxa5 { [%clk 0:01:51] } 35. Ne6 { [%clk 0:08:11] }
35... Rg8 { [%clk 0:01:22] } 36. Rxc8 { [%clk 0:05:24] } 36... Rxc8 { [%clk
0:01:49] } 37. Nxg7 { [%clk 0:05:46] } 37... Rc4 { [%clk 0:00:47] } 38. Qf2
{ [%clk 0:02:23] } 38... Rc2 { [%clk 0:01:06] } 39. Rd2 { [%clk 0:01:47] }
39... Rxb2 { [%clk 0:01:14] } 40. Rxb2 { [%clk 0:02:09] } 40... Qxg7 {
42. Re1 { [%clk 0:28:35] } 42... Qxa4 { [%clk 0:20:25] } 43. g4 { [%clk
0:28:58] } 43... Ne5 { [%clk 0:13:48] } 44. Qa7+ { [%clk 0:27:40] } 44...
Kg6 { [%clk 0:13:31] } 45. d7 { [%clk 0:23:55] } 45... Nxd7 { [%clk
0:11:14] } 46. gxf5+ { [%clk 0:19:23] } 46... Bxf5 { [%clk 0:11:21] } 47.
Qe3 { [%clk 0:16:38] } 47... Nf6 { [%clk 0:09:34] } 48. Qg3+ { [%clk
0:14:50] } 48... Kf7 { [%clk 0:09:35] } 49. Qc7+ { [%clk 0:07:40] } 49...
Bd7 { [%clk 0:09:32] } 50. Qe5 { [%clk 0:06:16] } 50... Qg4+ { [%clk
0:08:42] } 51. Kf2 { [%clk 0:06:41] } 51... Qb4 { [%clk 0:08:11] } 52. Rf1
{ [%clk 0:04:13] } 52... Qd2+ { [%clk 0:04:44] } 53. Kg3 { [%clk 0:03:53] }
53... Qg5+ { [%clk 0:05:04] } 54. Qxg5 { [%clk 0:04:16] } 54... hxg5 {
56. Kxh4 { [%clk 0:05:00] } 56... Ke6 { [%clk 0:02:36] } 57. Kg3 { [%clk
0:05:24] } 57... a4 { [%clk 0:02:18] } 58. Kf4 { [%clk 0:05:45] } 58... Bb5
{ [%clk 0:02:04] } 59. Ra1 { [%clk 0:05:53] } 59... Kd5 { [%clk 0:01:23] }
60. Ke3 { [%clk 0:06:19] } 60... Ne4 { [%clk 0:01:02] } 61. Rd1+ { [%clk
0:06:13] } 61... Ke5 { [%clk 0:01:27] } 62. Rh1 { [%clk 0:06:13] } 62...
Ng3 { [%clk 0:00:45] } 63. Rg1 { [%clk 0:06:15] } 63... Ne4 { [%clk
0:00:38] } 64. Rh1 { [%clk 0:05:53] } 64... Nf6 { [%clk 0:00:36] } 65. Kd2
{ [%clk 0:06:13] } 65... Kd4 { [%clk 0:00:48] } 66. Rh4+ { [%clk 0:06:38] }
66... Kc5 { [%clk 0:01:09] } 67. Kc3 { [%clk 0:06:44] } 67... Nd5+ { [%clk
0:01:19] } 68. Kb2 { [%clk 0:07:09] } 68... Ne3 { [%clk 0:01:42] } 69. Ka3
{ [%clk 0:07:03] } 69... Nc2+ { [%clk 0:01:11] } 70. Kb2 { [%clk 0:07:28] }
70... Ne3 { [%clk 0:01:14] } 71. Ka3 { [%clk 0:07:54] }
1/2-1/2

[Event "Landsturneringen 2017"]
[Site "Clarion Energy Hotel, Stavanger"]
[Date "2017.07.07"]
[Round "8"]
[White "Christiansen, Johan-Sebastian"]
[Black "Tari, Aryan"]
[Result "1/2-1/2"]
[WhiteElo "2458"]
[BlackElo "2593"]
[PlyCount "40"]
[%clk 1:24:46] } 5... cxd5 { [%clk 1:29:33] } 6. Qb3 { [%clk 1:21:54] }

1. c4 { [%clk 1:30:58] } 1... e5 { [%clk 1:30:44] } 2. g3 { [%clk 1:31:25]
} 2... Nf6 { [%clk 1:30:45] } 3. Bg2 { [%clk 1:31:31] } 3... c6 { [%clk
1:30:57] } 4. Nc3 { [%clk 1:28:57] } 4... d5 { [%clk 1:29:44] } 5. cxd5 {
6... Nc6 { [%clk 1:21:42] } 7. Nxd5 { [%clk 1:21:49] } 7... Nd4 { [%clk
1:21:36] } 8. Nxf6+ { [%clk 1:21:22] } 8... gxf6 { [%clk 1:20:40] } 9. Qd1
{ [%clk 1:19:43] } 9... Bf5 { [%clk 1:00:08] } 10. d3 { [%clk 1:12:11] }
10... Rc8 { [%clk 0:57:56] } 11. Kf1 { [%clk 1:10:35] } 11... Qb6 { [%clk
0:52:05] } 12. Nf3 { [%clk 1:04:18] } 12... Nc2 { [%clk 0:46:38] } 13. Rb1
{ [%clk 1:03:52] } 13... Qa6 { [%clk 0:43:57] } 14. b3 { [%clk 0:51:28] }
14... Nb4 { [%clk 0:33:10] } 15. Nh4 { [%clk 0:41:09] } 15... Be6 { [%clk
0:33:10] } 16. Bd2 { [%clk 0:39:28] } 16... Qxa2 { [%clk 0:30:13] } 17. Ra1
{ [%clk 0:25:19] } 17... Qb2 { [%clk 0:29:30] } 18. Rb1 { [%clk 0:23:51] }
18... Qa2 { [%clk 0:27:42] } 19. Ra1 { [%clk 0:20:32] } 19... Qb2 { [%clk
0:22:53] } 20. Rb1 { [%clk 0:20:37] } 20... Qa2 { [%clk 0:16:35] }
1/2-1/2

[Event "Landsturneringen 2017"]
[Site "Clarion Energy Hotel, Stavanger"]
[Date "2017.07.07"]
[Round "8"]
[White "Lie, Kjetil A."]
[Black "Arvola, Benjamin"]
[Result "1-0"]
[WhiteElo "2539"]
[BlackElo "2435"]
[PlyCount "69"]
[%clk 1:29:56] } 4... d5 { [%clk 1:23:10] } 5. Nbd2 { [%clk 1:26:29] } 5...
[%clk 1:20:52] } 10. g4 { [%clk 1:14:48] } 10... Ng7 { [%clk 1:21:16] } 11.
[%clk 0:34:46] } 33. Kb3 { [%clk 0:02:29] } 33... Ke8 { [%clk 0:33:20] }

1. d4 Nf6 { [%clk 1:22:52] } 2. Bf4 { [%clk 1:31:09] } 2... e6 { [%clk
1:23:01] } 3. e3 { [%clk 1:30:49] } 3... c5 { [%clk 1:23:14] } 4. Nf3 {
Nc6 { [%clk 1:20:06] } 6. c3 { [%clk 1:25:39] } 6... cxd4 { [%clk 1:20:31]
} 7. exd4 { [%clk 1:25:38] } 7... Nh5 { [%clk 1:20:57] } 8. Be3 { [%clk
1:18:32] } 8... Bd6 { [%clk 1:20:27] } 9. Ne5 { [%clk 1:16:34] } 9... g6 {
h4 { [%clk 1:13:32] } 11... Nxe5 { [%clk 1:21:40] } 12. dxe5 { [%clk
1:13:58] } 12... Bxe5 { [%clk 1:22:06] } 13. Nf3 { [%clk 1:13:47] } 13...
Bf6 { [%clk 1:22:31] } 14. h5 { [%clk 1:01:50] } 14... O-O { [%clk 1:22:46]
} 15. Qd2 { [%clk 0:45:22] } 15... d4 { [%clk 1:23:10] } 16. Bxd4 { [%clk
0:39:28] } 16... e5 { [%clk 1:15:59] } 17. hxg6 { [%clk 0:25:52] } 17...
exd4 { [%clk 1:11:11] } 18. O-O-O { [%clk 0:25:23] } 18... dxc3 { [%clk
1:03:49] } 19. gxf7+ { [%clk 0:24:52] } 19... Kxf7 { [%clk 1:01:56] } 20.
Bc4+ { [%clk 0:18:58] } 20... Be6 { [%clk 1:02:06] } 21. Bxe6+ { [%clk
0:14:08] } 21... Nxe6 { [%clk 1:02:09] } 22. Qc2 { [%clk 0:10:41] } 22...
Qc7 { [%clk 0:40:26] } 23. Rxh7+ { [%clk 0:08:53] } 23... Ng7 { [%clk
0:40:36] } 24. Qb3+ { [%clk 0:06:51] } 24... Ke8 { [%clk 0:40:58] } 25.
Qb5+ { [%clk 0:02:17] } 25... Qc6 { [%clk 0:39:50] } 26. Qe2+ { [%clk
0:02:35] } 26... Kf7 { [%clk 0:37:43] } 27. Ne5+ { [%clk 0:03:00] } 27...
Bxe5 { [%clk 0:38:07] } 28. Qxe5 { [%clk 0:03:27] } 28... cxb2+ { [%clk
0:38:19] } 29. Kxb2 { [%clk 0:03:48] } 29... Rg8 { [%clk 0:36:17] } 30. Rd6
{ [%clk 0:03:24] } 30... Qxd6 { [%clk 0:34:56] } 31. Qxd6 { [%clk 0:03:48]
} 31... Rae8 { [%clk 0:35:24] } 32. g5 { [%clk 0:02:09] } 32... Re2+ {
34. Qb8+ { [%clk 0:02:13] } 34... Kf7 { [%clk 0:33:44] } 35. g6+ { [%clk
0:02:31] }
1-0

[Event "Landsturneringen 2017"]
[Site "Clarion Energy Hotel, Stavanger"]
[Date "2017.07.07"]
[Round "8"]
[White "Lie, Espen"]
[Black "Fossan, Erik"]
[Result "1-0"]
[WhiteElo "2462"]
[BlackElo "2347"]
[PlyCount "57"]
[%clk 1:32:00] } 5... Nf6 { [%clk 1:26:26] } 6. Nc3 { [%clk 1:31:08] } 6...
[%clk 1:15:42] } 12... b4 { [%clk 1:00:23] } 13. axb4 { [%clk 1:15:48] }

1. Nf3 { [%clk 1:30:57] } 1... c5 { [%clk 1:30:57] } 2. g3 { [%clk 1:31:11]
} 2... Nc6 { [%clk 1:30:51] } 3. Bg2 { [%clk 1:31:33] } 3... g6 { [%clk
1:31:07] } 4. O-O { [%clk 1:31:45] } 4... Bg7 { [%clk 1:31:29] } 5. d3 {
O-O { [%clk 1:25:37] } 7. a3 { [%clk 1:30:24] } 7... Rb8 { [%clk 1:12:58] }
8. e4 { [%clk 1:23:30] } 8... d6 { [%clk 1:12:44] } 9. h3 { [%clk 1:22:34]
} 9... b5 { [%clk 1:12:26] } 10. Re1 { [%clk 1:21:11] } 10... Nd7 { [%clk
1:07:29] } 11. Nd5 { [%clk 1:17:51] } 11... a5 { [%clk 1:05:57] } 12. c3 {
13... axb4 { [%clk 1:00:47] } 14. d4 { [%clk 1:11:43] } 14... bxc3 { [%clk
0:52:44] } 15. bxc3 { [%clk 1:11:47] } 15... cxd4 { [%clk 0:24:39] } 16.
cxd4 { [%clk 1:11:51] } 16... Nb6 { [%clk 0:12:34] } 17. Nxb6 { [%clk
1:05:10] } 17... Rxb6 { [%clk 0:11:42] } 18. Bg5 { [%clk 0:53:51] } 18...
h6 { [%clk 0:07:40] } 19. Be3 { [%clk 0:54:06] } 19... d5 { [%clk 0:07:24]
} 20. e5 { [%clk 0:36:24] } 20... Be6 { [%clk 0:06:13] } 21. Qd2 { [%clk
0:35:42] } 21... Kh7 { [%clk 0:06:27] } 22. Rec1 { [%clk 0:34:16] } 22...
Qd7 { [%clk 0:06:09] } 23. Kh2 { [%clk 0:34:20] } 23... Rfb8 { [%clk
0:06:18] } 24. Ne1 { [%clk 0:32:28] } 24... Nb4 { [%clk 0:03:37] } 25. Ra5
{ [%clk 0:27:37] } 25... Rb5 { [%clk 0:03:37] } 26. Rxb5 { [%clk 0:27:06] }
26... Rxb5 { [%clk 0:03:34] } 27. Bf1 { [%clk 0:26:29] } 27... Rb7 { [%clk
0:03:33] } 28. Rb1 { [%clk 0:19:52] } 28... Bf5 { [%clk 0:29:31] } 29. Rxb4
{ [%clk 0:19:47] }
1-0

[Event "Landsturneringen 2017"]
[Site "Clarion Energy Hotel, Stavanger"]
[Date "2017.07.07"]
[Round "8"]
[White "Hauge, Lars Oskar"]
[Black "Grønn, Atle"]
[Result "1/2-1/2"]
[WhiteElo "2448"]
[BlackElo "2331"]
[PlyCount "86"]
[%clk 1:20:59] } 5... b6 { [%clk 1:28:31] } 6. Bc4 { [%clk 1:16:03] } 6...
[%clk 0:44:27] } 35... fxe5 { [%clk 0:09:11] } 36. fxe5 { [%clk 0:44:52] }

1. e4 { [%clk 1:25:55] } 1... g6 { [%clk 1:30:39] } 2. d4 { [%clk 1:26:04]
} 2... Bg7 { [%clk 1:31:03] } 3. Nf3 { [%clk 1:23:31] } 3... d6 { [%clk
1:30:32] } 4. Nc3 { [%clk 1:20:34] } 4... a6 { [%clk 1:28:11] } 5. a4 {
e6 { [%clk 1:28:55] } 7. O-O { [%clk 1:15:52] } 7... Ne7 { [%clk 1:29:05] }
8. Re1 { [%clk 1:12:57] } 8... Bb7 { [%clk 1:29:19] } 9. Bf4 { [%clk
1:03:11] } 9... Nd7 { [%clk 1:24:13] } 10. Qd2 { [%clk 1:01:44] } 10... h6
{ [%clk 1:21:29] } 11. h4 { [%clk 1:01:44] } 11... Nf6 { [%clk 1:12:17] }
12. e5 { [%clk 0:57:12] } 12... Nfd5 { [%clk 0:49:00] } 13. Bh2 { [%clk
0:55:34] } 13... Nxc3 { [%clk 0:47:18] } 14. Qxc3 { [%clk 0:55:54] } 14...
O-O { [%clk 0:39:58] } 15. Rad1 { [%clk 0:55:11] } 15... Nf5 { [%clk
0:33:54] } 16. h5 { [%clk 0:55:30] } 16... Bxf3 { [%clk 0:32:21] } 17. Qxf3
{ [%clk 0:55:48] } 17... d5 { [%clk 0:32:37] } 18. Bd3 { [%clk 0:54:47] }
18... Qg5 { [%clk 0:25:34] } 19. Bxf5 { [%clk 0:52:30] } 19... Qxf5 { [%clk
0:24:30] } 20. Qxf5 { [%clk 0:52:52] } 20... gxf5 { [%clk 0:24:48] } 21.
Bf4 { [%clk 0:50:50] } 21... Rfc8 { [%clk 0:24:23] } 22. c3 { [%clk
0:48:50] } 22... c5 { [%clk 0:22:59] } 23. Be3 { [%clk 0:48:48] } 23... c4
{ [%clk 0:19:34] } 24. Ra1 { [%clk 0:47:47] } 24... b5 { [%clk 0:18:53] }
25. Ra2 { [%clk 0:47:58] } 25... Rcb8 { [%clk 0:18:04] } 26. axb5 { [%clk
0:48:21] } 26... axb5 { [%clk 0:17:00] } 27. Rea1 { [%clk 0:48:46] } 27...
Rxa2 { [%clk 0:17:26] } 28. Rxa2 { [%clk 0:49:10] } 28... b4 { [%clk
0:17:30] } 29. Bd2 { [%clk 0:45:52] } 29... bxc3 { [%clk 0:17:13] } 30.
Bxc3 { [%clk 0:46:16] } 30... Bf8 { [%clk 0:16:54] } 31. Ra4 { [%clk
0:46:37] } 31... Be7 { [%clk 0:16:57] } 32. Kf1 { [%clk 0:46:35] } 32...
Kg7 { [%clk 0:13:15] } 33. Ke2 { [%clk 0:46:44] } 33... Rb7 { [%clk
0:13:14] } 34. f4 { [%clk 0:44:38] } 34... f6 { [%clk 0:09:43] } 35. Kd2 {
36... Bg5+ { [%clk 0:08:31] } 37. Ke2 { [%clk 0:42:39] } 37... Be7 { [%clk
0:06:19] } 38. Kd1 { [%clk 0:41:01] } 38... Bg5 { [%clk 0:06:01] } 39. Ke2
{ [%clk 0:39:35] } 39... Be7 { [%clk 0:04:21] } 40. Kd1 { [%clk 0:39:32] }
40... Kf7 { [%clk 0:03:33] } 41. Kd2 { [%clk 0:37:08] } 41... Bg5+ { [%clk
0:00:41] } 42. Ke2 { [%clk 0:37:02] } 42... Be7 { [%clk 0:23:18] } 43. Kd1
{ [%clk 1:06:33] } 43... Bg5 { [%clk 0:23:18] }
1/2-1/2

[Event "Landsturneringen 2017"]
[Site "Clarion Energy Hotel, Stavanger"]
[Date "2017.07.07"]
[Round "8"]
[White "Mihajlov, Sebastian"]
[Black "Machlik, Endre"]
[Result "1-0"]
[WhiteElo "2414"]
[BlackElo "2194"]
[PlyCount "75"]
[%clk 1:29:24] } 5... a6 { [%clk 1:31:43] } 6. Qb3 { [%clk 1:22:36] } 6...
[%clk 0:39:34] } 22... Rac8 { [%clk 0:18:25] } 23. f6 { [%clk 0:39:56] }
[%clk 0:34:01] } 34... Qd6 { [%clk 0:00:32] } 35. Qe8 { [%clk 0:34:07] }

1. d4 { [%clk 1:28:17] } 1... d5 { [%clk 1:30:51] } 2. Nf3 { [%clk 1:28:38]
} 2... Nf6 { [%clk 1:31:09] } 3. c4 { [%clk 1:29:00] } 3... c6 { [%clk
1:31:22] } 4. e3 { [%clk 1:29:06] } 4... Bf5 { [%clk 1:31:30] } 5. Nc3 {
b6 { [%clk 1:30:39] } 7. Be2 { [%clk 1:19:34] } 7... h6 { [%clk 1:28:24] }
8. O-O { [%clk 1:16:52] } 8... e6 { [%clk 1:28:24] } 9. Ne5 { [%clk
1:16:25] } 9... Bd6 { [%clk 1:19:28] } 10. cxd5 { [%clk 1:08:20] } 10...
cxd5 { [%clk 1:19:14] } 11. Bd2 { [%clk 0:55:22] } 11... O-O { [%clk
1:12:24] } 12. f4 { [%clk 0:54:01] } 12... Ne4 { [%clk 1:06:20] } 13. Nxe4
{ [%clk 0:49:40] } 13... Bxe4 { [%clk 1:06:43] } 14. Rac1 { [%clk 0:50:07]
} 14... b5 { [%clk 0:51:16] } 15. a4 { [%clk 0:48:45] } 15... b4 { [%clk
0:50:54] } 16. Bd3 { [%clk 0:43:00] } 16... Bxd3 { [%clk 0:50:16] } 17.
Qxd3 { [%clk 0:43:25] } 17... Nd7 { [%clk 0:32:17] } 18. Rc6 { [%clk
0:43:40] } 18... Nb8 { [%clk 0:29:46] } 19. Rc2 { [%clk 0:44:03] } 19...
Nd7 { [%clk 0:30:09] } 20. Nxd7 { [%clk 0:43:00] } 20... Qxd7 { [%clk
0:30:32] } 21. b3 { [%clk 0:43:27] } 21... a5 { [%clk 0:29:27] } 22. f5 {
23... Rxc2 { [%clk 0:08:39] } 24. Qxc2 { [%clk 0:40:24] } 24... Rc8 { [%clk
0:07:06] } 25. Qd3 { [%clk 0:38:34] } 25... e5 { [%clk 0:06:05] } 26. fxg7
{ [%clk 0:37:19] } 26... e4 { [%clk 0:06:00] } 27. Qe2 { [%clk 0:37:46] }
27... Rc2 { [%clk 0:05:55] } 28. Qh5 { [%clk 0:37:27] } 28... Qe6 { [%clk
0:04:11] } 29. Qd1 { [%clk 0:34:51] } 29... Rc6 { [%clk 0:02:58] } 30. Be1
{ [%clk 0:34:20] } 30... Qg6 { [%clk 0:01:57] } 31. Bh4 { [%clk 0:34:31] }
31... Bb8 { [%clk 0:01:58] } 32. Qe2 { [%clk 0:34:09] } 32... Kxg7 { [%clk
0:00:45] } 33. Qb5 { [%clk 0:33:38] } 33... Rc2 { [%clk 0:00:45] } 34. g3 {
35... Qf8 { [%clk 0:00:39] } 36. Qd7 { [%clk 0:33:59] } 36... Bd6 { [%clk
0:00:34] } 37. Bf6+ { [%clk 0:33:12] } 37... Kg8 { [%clk 0:00:52] } 38.
Qg4+ { [%clk 0:33:35] }
1-0